The end of the world as accountants see it? (Record no. 62032)

MARC details
000 -LEADER
fixed length control field 00803cam a2200229 4500
001 - CONTROL NUMBER
control field WB3549-21
008 - FIXED-LENGTH DATA ELEMENTS--GENERAL INFORMATION
fixed length control field 000000n1999 000 0 eng u
035 ## - SYSTEM CONTROL NUMBER
System control number (Sirsi) u103208
245 #4 - TITLE STATEMENT
Title The end of the world as accountants see it?
260 ## - PUBLICATION, DISTRIBUTION, ETC.
Date of publication, distribution, etc. 1999
490 ## - SERIES STATEMENT
Series statement Times
Volume/sequential designation 16 December 1999, 31(2)
490 ## - SERIES STATEMENT
Series statement Financial Times
Volume/sequential designation 16 December 1999, 14(2)
520 ## - SUMMARY, ETC.
Summary, etc. Looks at the impact of changes to accounting rules for operational leases set out in a discussion paper "Leases: implementation of a new approach" by the Accounting Standards Board.
590 ## - LOCAL NOTE (RLIN)
Local note WB
650 ## - SUBJECT ADDED ENTRY--TOPICAL TERM
Topical term or geographic name entry element OPERATING LEASES
650 ## - SUBJECT ADDED ENTRY--TOPICAL TERM
Topical term or geographic name entry element ACCOUNTING STANDARDS BOARD
650 ## - SUBJECT ADDED ENTRY--TOPICAL TERM
Topical term or geographic name entry element BALANCE SHEETS
650 ## - SUBJECT ADDED ENTRY--TOPICAL TERM
Topical term or geographic name entry element DISCUSSION PAPERS
650 ## - SUBJECT ADDED ENTRY--TOPICAL TERM
Topical term or geographic name entry element REFORM
690 ## - LOCAL SUBJECT ADDED ENTRY--TOPICAL TERM (OCLC, RLIN)
Topical term or geographic name as entry element PROPERTY-PROPERTY FINANCE AND INVESTMENT
942 ## - ADDED ENTRY ELEMENTS (KOHA)
Suppress in OPAC 0
Holdings
Withdrawn status Lost status Source of classification or shelving scheme Damaged status Not for loan Home library Current library Shelving location Date acquired Total Checkouts Full call number Barcode Date last seen Copy number Price effective from Koha item type
    Dewey Decimal Classification     London London News article 16/12/1999   WB3549-21 103208-1001 06/08/2019 1 06/08/2019 News article